000 01174nam a22002297a 4500
003 OSt
005 20260123084640.0
008 230607b ||||| |||| 00| 0 eng d
040 _cSSBUL
041 _ashan
082 _223
_a294.3443
100 0 _aထမ်ႇမသႃႇမိ၊
_cၸဝ်ႈၶူးလူင် Prof. Dr. ၶမ်းမၢႆ။
_925425
245 1 0 _aတၢင်းႁၼ်ထိုင်လူၺ်ႈထမ်ႇ မၢႆ - 4 /
_cၸဝ်ႈၶူးလူင် Prof. Dr. ၶမ်းမၢႆ ထမ်ႇမသႃႇမိ။
260 _aတူၼ်ႈတီး၊
_bဢွင်ႇပၢၼ်းၽိဝ်ႇ၊
_c2019 ။
300 _aD ၊ 189 ၼႃႈ၊
_bပႃးႁၢင်ႈ၊
_c21 ၸိၼ်ႇတီႇ။
500 _aမၢႆတွင်းဝၼ်းၵိူတ်ႇ ၶူပ်းထူၼ်ႈ(55) ပီတဵမ် ၸဝ်ႈၶူးလူင် တွၵ်ႉတိူဝ်ႇ ၶမ်းမၢႆ ထမ်ႇမသႃႇမိ။
500 _aS-SAT: Dr. Prof Sai Aung Tun
650 _aတြႃးၽြႃးပဵၼ်ၸဝ်ႈ
942 _cBK
942 _2ddc
942 _2ddc
999 _c25451
_d25451